00000000nam 2200000zi 4500
0019.940930
003CaOODSP
00520250109094318
006m     o  d f      
007cr c||||||||||
008240723t20242024onc     ob   f000 0 fre d
020 |a9780660728995
040 |aCaOODSP|bfre|erda|cCaOODSP
043 |an-cn-bc
0861 |aEn3-4/35-1-2024F-PDF
24500|aRapport sur les progrès de la mise en œuvre du programme de rétablissement et du plan d'action pour l'ormeau nordique (Haliotis kamtschatkana) au Canada pour la période 2013 à 2021.
264 1|a[Ottawa] : |bGouvernement du Canada = Government of Canada, |c2024.
264 4|c©2024
300 |a1 ressource en ligne (vi, 68 pages).
336 |atexte|btxt|2rdacontent/fre
337 |ainformatique|bc|2rdamedia/fre
338 |aressource en ligne|bcr|2rdacarrier/fre
4901 |aLoi sur les espèces en péril série des programmes de rétablissement
500 |aTitre de la couverture.
500 |aPublié aussi en anglais sous le titre : Report on the progress of recovery strategy and action plan implementation for the northern abalone (Haliotis kamtschatkana) in Canada for the period 2013 to 2021.
504 |aComprend des références bibliographiques.
550 |aPublié par Pêches et océans Canada.
650 6|aOrmeau nordique|xConservation|zColombie-Britannique|zPacifique, Côte du.
650 6|aFaune|xRétablissement|zColombie-Britannique|zPacifique, Côte du.
7101 |aCanada. |bMinistère des pêches et des océans, |eorganisme de publication.
77508|tReport on the progress of recovery strategy and action plan implementation for the northern abalone (Haliotis kamtschatkana) in Canada for the period 2013 to 2021.|w(CaOODSP)9.940929
795 |tRapport sur les progrès de la mise en œuvre du programme de rétablissement de l'ormeau nordique (Haliotis kamtschatkana) au Canada pour la période 2007-2012 |w(CaOODSP)9.801781
830#0|aLoi sur les espèces en péril, série de programmes de rétablissement.|w(CaOODSP)9.501470
85640|qPDF|s819 Ko|uhttps://publications.gc.ca/collections/collection_2025/mpo-dfo/En3-4-35-1-2024-fra.pdf
8564 |qHTML|sS.O.|uhttps://www.canada.ca/fr/environnement-changement-climatique/services/registre-public-especes-peril/rapports-progres-document-retablissement/ormeau-nordique-2024.html